000 00429nam a2200181Ia 4500
001 14602
005 20260306164926.0
008 260306t2014||||xx |||||||||||||| ||spa||
041 _aESP
082 _a515.35
_bC235
100 _aÇengel, Yunus A.
_eAUT
245 0 _aEcuaciones diferenciales para ingenierĂ­a y ciencias
260 _c2014
300 _a
_c
650 _aGEN
654 _aCMA
942 _cLIB
_dJUS
_fJUS
_2ddc
_n
999 _c14602
_d14602